Signal processing and linear systems (Record no. 1319)

000 -LEADER
fixed length control field 00543nam a2200205 a 4500
001 - CONTROL NUMBER
control field 1319
003 - CONTROL NUMBER IDENTIFIER
control field BD-DhUET
008 - FIXED-LENGTH DATA ELEMENTS--GENERAL INFORMATION
fixed length control field 980109s1998 caua b 001 0 eng
020 ## - INTERNATIONAL STANDARD BOOK NUMBER
International Standard Book Number 0941413357
040 ## - CATALOGING SOURCE
Original cataloging agency DLC
Transcribing agency DLC
Modifying agency BD-DhUET
082 00 - DEWEY DECIMAL CLASSIFICATION NUMBER
Classification number 623.22
Item number LAT/1998
100 ## - MAIN ENTRY--PERSONAL NAME
Personal name Lathi B. P.
245 10 - TITLE STATEMENT
Title Signal processing and linear systems
250 ## - EDITION STATEMENT
Edition statement 1st ed
260 ## - PUBLICATION, DISTRIBUTION, ETC. (IMPRINT)
Place of publication, distribution, etc. New York
Name of publisher, distributor, etc. Oxford University Press
Date of publication, distribution, etc. 1998
300 ## - PHYSICAL DESCRIPTION
Extent x, 850 p.
Other physical details ill.
Dimensions 24 cm.
504 ## - BIBLIOGRAPHY, ETC. NOTE
Bibliography, etc Includes bibliographies
650 #0 - SUBJECT ADDED ENTRY--TOPICAL TERM
Topical term or geographic name as entry element Digital signal processing
942 ## - ADDED ENTRY ELEMENTS (KOHA)
Koha item type General Book
Holdings
Not for loan Koha renewals Withdrawn status Koha date last borrowed Date acquired Damaged status Price effective from Location (home branch) Sublocation or collection (holding branch) Koha issues (times borrowed) Koha normalized classification for sorting Lost status Koha item type Koha full call number Shelving location Piece designation (barcode) Copy number Source of classification or shelving scheme Koha date last seen
 2  2014-09-03 2014-09-03Central Library, BUETCentral Library, BUET 623_000000000000000_22LAT1998 General Book623.22/LAT/1998Circulation section1038561 2019-09-14
    2014-09-03 2014-09-03Central Library, BUETCentral Library, BUET 623_000000000000000_22LAT1998 General Book623.22/LAT/1998Circulation section1038572 2014-09-03
   2015-06-132014-09-03 2014-09-03Central Library, BUETCentral Library, BUET1623_220000000000000_LAT_1998 General Book623.22/LAT/1998Circulation section1038593 2017-08-19
   2015-10-202014-09-03 2014-09-03Central Library, BUETCentral Library, BUET1623_000000000000000_22LAT1998 General Book623.22/LAT/1998Circulation section1038604 2017-01-08
   2015-05-252014-09-03 2014-09-03Central Library, BUETCentral Library, BUET1623_000000000000000_22LAT1998 General Book623.22/LAT/1998Circulation section1038635 2017-04-11
   2015-05-252014-09-03 2014-09-03Central Library, BUETCentral Library, BUET1623_000000000000000_22LAT1998 General Book623.22/LAT/1998Circulation section1038646 2017-06-13
    2014-09-03 2014-09-03Central Library, BUETCentral Library, BUET 623_000000000000000_22LAT1998 General Book623.22/LAT/1998Circulation section1038657 2017-08-20
    2014-11-18 2014-11-18Central Library, BUETCentral Library, BUET 623_000000000000000_22LAT1998 General Book623.22/LAT/1998Circulation section1038588 2017-10-10
   2017-04-182014-12-02 2014-12-02Central Library, BUETCentral Library, BUET1623_220000000000000_LAT1998 General Book623.22 LAT/1998Circulation section1038619 2017-05-31
 2  2015-06-03 2015-06-03Central Library, BUETCentral Library, BUET 623_220000000000000_LAT_1998 General Book623.22/LAT/1998Circulation section10003510 2017-02-06
   2025-09-072007-05-28 2017-10-31Central Library, BUETCentral Library, BUET2623_220000000000000_LAT_1998 General Book623.22/LAT/1998Circulation section10386211 2025-09-17